| 000 | 01038nmc a2200373 a 4500 | ||
|---|---|---|---|
| 003 | AR-BaBNM | ||
| 005 | 20251128203112.0 | ||
| 008 | 207019s1966 ||||||||||||||000 | spa|| | ||
| 040 | _cAR-BaBNM | ||
| 100 | 1 | _aDahrendorf, Ralf | |
| 245 | 1 | 0 |
_aSociedad y sociología _bla ilustración aplicada |
| 260 |
_aMadrid _bTecnos _c1966 |
||
| 300 | 0 | _a277 p. | |
| 490 | 0 | _aCiencias Sociales. Sociología | |
| 500 | 0 | _aIndice de autores: p. 271-273 | |
| 500 | 0 | _aIndice de materias: p. 275-277 | |
| 504 | _aBibliografía: p. 245-267 | ||
| 600 | 1 | 4 | _aParsons, Talcott |
| 600 | 1 | 4 | _aMills, C. Wright |
| 650 | 4 | _aSOCIOLOGIA | |
| 650 | 4 | _aDEMOCRACIA | |
| 650 | 4 | _aDERECHOS SOCIALES Y ECONOMICOS | |
| 650 | 4 | _aSOCIALISMO | |
| 650 | 4 | _aELITE | |
| 650 | 4 | _aCLASE DIRIGENTE | |
| 650 | 4 | _aESTRUCTURA SOCIAL | |
| 650 | 4 | _aRACIONALIZACION | |
| 650 | 4 | _aSOCIOLOGIA DE LAS CIENCIAS | |
| 650 | 4 | _aCULTURA CIENTIFICA | |
| 651 | 4 | _aEstados Unidos | |
| 700 | 1 |
_aBelloch Zimmermann, José _etraductor |
|
| 942 | _cBK | ||
| 998 | _cSILVI | ||
| 999 |
_c1903 _d1903 |
||